| 000 | 00364cam a2200145ua 4500 | ||
|---|---|---|---|
| 041 |
_aeng _h |
||
| 082 |
_a823.308 _bKAS/Qu |
||
| 100 | _aKasi, Dev . | ||
| 245 |
_aQueen of the shows / _cKasi Dev. _hTextual Documents |
||
| 260 |
_aMoscow : _bForeign Language Publishing House , _c1960. |
||
| 300 | _a231 ; . | ||
| 504 | _a | ||
| 942 | _cBK | ||
| 999 |
_c12422 _d12422 |
||